The Seaweeds of the Tsitsikama Coastal National Park, (Record no. 162803)

MARC details
000 -LEADER
fixed length control field 00774cam a2200217 4500
008 - FIXED-LENGTH DATA ELEMENTS--GENERAL INFORMATION
fixed length control field
049 ## - LOCAL HOLDINGS (OCLC)
Holding library MAIN
090 ## - LOCALLY ASSIGNED LC-TYPE CALL NUMBER (OCLC); LOCAL CALL NUMBER (RLIN)
Classification number (OCLC) (R) ; Classification number, CALL (RLIN) (NR) QK576.C3 SEA
003 - CONTROL NUMBER IDENTIFIER
control field
005 - DATE AND TIME OF LATEST TRANSACTION
control field 20230123134246.0
040 ## - CATALOGING SOURCE
Transcribing agency NUST
100 1# - MAIN ENTRY--PERSONAL NAME
Personal name Seagrief, S. C
245 14 - TITLE STATEMENT
Title The Seaweeds of the Tsitsikama Coastal National Park,
Remainder of title Die Seewiere van die Tsitsikama-Seekus Nasionale Park,
Statement of responsibility, etc. illustrated by S. C. Seagrief.
260 ## - PUBLICATION, DISTRIBUTION, ETC.
Place of publication, distribution, etc. [Pretoria]
Name of publisher, distributor, etc. National Parks Board,
Date of publication, distribution, etc. 1967.
300 ## - PHYSICAL DESCRIPTION
Extent [147] p.
Other physical details col. illus.
Dimensions 20 cm.
500 ## - GENERAL NOTE
General note English and Afrikaans.
650 #0 - SUBJECT ADDED ENTRY--TOPICAL TERM
Topical term or geographic name entry element Marine algae
Geographic subdivision South Africa
-- Cape of Good Hope.
740 4# - ADDED ENTRY--UNCONTROLLED RELATED/ANALYTICAL TITLE
Uncontrolled related/analytical title Die Seewiere van die Tsitsikama-Seekus Nasionale Park.
907 ## - LOCAL DATA ELEMENT G, LDG (RLIN)
a .b10214756
b 21-09-06
c 18-09-06
942 ## - ADDED ENTRY ELEMENTS (KOHA)
Koha item type Ordinary Loan Books
Call number prefix QK576.C3 SEA
Holdings
Date last seen Total Checkouts Full call number Barcode Cost, replacement price Price effective from Koha item type Lost status Source of classification or shelving scheme Damaged status Not for loan Collection Withdrawn status Home library Current library Shelving location Date acquired Cost, normal purchase price
01/23/2023   QK576.C3 SEA 92003034520 80.00 01/23/2023 BOOKS   LCC     NFIC   MAIN MAIN GEN 01/23/2023 80.00